Humanismo ateo / (Record no. 189874)

MARC details
000 -LEADER
campo de control de longitud fija 00752nam a2200205 i 4500
001 - NÚMERO DE CONTROL
campo de control 189874
003 - IDENTIFICADOR DE NÚMERO DE CONTROL
campo de control ES-MaACL
005 - FECHA Y HORA DE LA ÚLTIMA TRANSACCIÓN
campo de control 20250819054659.0
007 - CAMPO FIJO DE DESCRIPCIÓN FÍSICA--INFORMACIÓN GENERAL
campo de control de longitud fija t|
008 - DATOS DE LONGITUD FIJA--INFORMACIÓN GENERAL
campo de control de longitud fija 191216s1967 sp ||||1| spa d
100 0# - ENTRADA PRINCIPAL--NOMBRE DE PERSONA
Nombre de persona Alejandro, José María de.
9 (RLIN) 19699
245 10 - MENCIÓN DEL TÍTULO
Título Humanismo ateo /
Mención de responsabilidad, etc. José María de Alejandro.
260 ## - PUBLICACIÓN, DISTRIBUCIÓN, ETC.
Lugar de publicación, distribución, etc. Bilbao :
Nombre del editor, distribuidor, etc. Mensajero,
Fecha de publicación, distribución, etc. 1967.
300 ## - DESCRIPCIÓN FÍSICA
Extensión 357 p. ;
Dimensiones 19 cm.
490 1# - MENCIÓN DE SERIE
Mención de serie Publicaciones de la Universidad de Deusto, Instituto de Ciencias Sociales. Colección "Ciencias Sociales" ;
Designación de volumen o secuencia 2
650 07 - PUNTO DE ACCESO ADICIONAL DE MATERIA--TÉRMINO DE MATERIA
Término de materia o nombre geográfico como elemento de entrada Ateísmo
Fuente del encabezamiento o término embne
9 (RLIN) 10395
830 00 - PUNTO DE ACCESO ADICIONAL DE SERIE-TÍTULO UNIFORME
Título uniforme Publicaciones de la Universidad de Deusto, Instituto de Ciencias Sociales.
Nombre de parte o sección de la obra Ciencias sociales
Designación de volumen o secuencia 2
9 (RLIN) 225860
852 ## - LOCALIZACIÓN
Ubicación ES-MaACL
Número de control de estantería P-1213-2
Holdings
Estatus retirado Estado de pérdida Estado de daño No para préstamo Biblioteca de origen Biblioteca actual Ubicación en estantería Fecha de adquisición Fuente de adquisición Total de préstamos Signatura topográfica completa Código de barras Visto por última vez Precio de reemplazo Tipo de ítem Koha
        Biblioteca del Ateneo de Madrid Biblioteca del Ateneo de Madrid Depósito 2 16/12/2019     P-1213-2 1201407 23/02/2023 23/02/2023 Libro impreso